| 000 | 00546nam a2200169Ia 4500 | ||
|---|---|---|---|
| 008 | 110201s9999 xx 000 0 und d | ||
| 082 |
_bB2118 _aKS 338 |
||
| 100 | _aभावे पु.भा. | ||
| 245 | _aनिवडक पु.भा. भावे | ||
| 260 | _bपरिमल प्रकाशन | ||
| 365 | _b25 | ||
| 600 | _aभावे पु.भा. | ||
| 630 | _aनिवडक पु.भा. भावे | ||
| 700 | _aभावे पु.भा. | ||
| 730 | _aनिवडक पु.भा. भावे | ||
| 942 | _cBOOK | ||
| 999 |
_c829215 _d829212 |
||